| 000 | 03123nam a22002417a 4500 | ||
|---|---|---|---|
| 003 | URS | ||
| 005 | 20250225222431.0 | ||
| 008 | 250225b |||||||| |||| 00| 0 eng d | ||
| 050 | 0 | 0 |
_aLG 221.R59 _bUT3 2024 |
| 245 |
_aUtilization of malunggay (moringa oleifera) leaves as a natural feed suplement for rabbit _cAerel Jay T. Aguillon...[et al.] |
||
| 260 | 1 | _c2024 | |
| 300 |
_axi, 74 leaves; _billustrations _c28 cm |
||
| 336 |
_2rda content _atext |
||
| 337 |
_2rda media _aunmediated |
||
| 338 |
_2rda carrier _avolume |
||
| 502 |
_aUndergraduate Thesis _bBachelor of science in agriculture Major in Animal science _c University of Rizal System, Rodriguez, Rizal _d2024 |
||
| 520 | _aThe present study aimed to determine the utilization of pelleted malunggay leaves as a natural feed supplement for rabbit using randomized block design with three treatments and three replications each, totaling nine experimental units. Each experimental unit contained five rabbits. In this study, the researchers applied Analysis of Variance (ANOVA) in order to assess the data. The experiment was conducted at 622 P. Rodriguez St. San Rafael, Rodriguez, Rizal, in front of Elar farm. The study utilized forty-five heads (45 heads) of in-cage rabbit as experimental animals. The subject of the study was fed with commercially available feeds in a controlled manner and malunggay as natural feed supplement. Treatment 1 was given pure commercial feeds while treatment 2 was supplemented with 25% of pelleted malunggay leaves and 75% of commercial feeds, the treatment 3 was given 50% of pelleted malunggay leaves and 50% of commercial feeds. The study utilization of pelleted malunggay leaves as natural feed supplement for rabbit used a one-way ANOVA to compare the means of the different treatment groups. The findings showed that there was statistically significant effect on the average gain in weight, average feed consumption, average feed conversion efficiency and economic profitability among the three treatments. However, the supplementation of pelleted malunggay for rabbit did not show statistically significant difference on average water consumption. Additionally, the result on the feed cost per kilogram of live weight produced of rabbits of the treatment groups was lower compared to the control group. The lower cost per kilogram of live weight produced was obtained on the treatment groups given 25% and 50% of pelleted malunggay leaves. Therefore, this study suggested that utilization of malunggay leaves as natural feed supplement for rabbit has a potential benefit in enhancing specifically on the average gain in weight, average feed consumption, average feed conversion efficiency, economic profitability, feed cost per kilogram of live weight produce and the cost per kilogram of live weight produced of the rabbit supplemented with 25% and 50% of pelleted malunggay leaves. | ||
| 650 | _2Utilization of malunggay | ||
| 700 |
_aBrondo, John Mark Christopher D. _eResearcher |
||
| 700 |
_aSario, Neil Cristopher G. _eResearcher |
||
| 700 |
_aInarda, Jericho M. _eAdviser |
||
| 942 |
_2lcc _cT |
||
| 999 |
_c82175 _d82174 |
||